Efficiency of peach trade in the Slovak Republic

Bilancia v obchode s ovocím za posledné roky nie je priaznivá. Analýza efektívnosti obchodu s broskyňami s použitím ukazovateľov čistého exportu, ukazovateľov komparatívnych výhod, dovoznej a vývoznej kilogramovej ceny, ukazovateľa výmenných relácií a koeficientu pokrytia dovozu vývozom. Cieľom člán...

ver descrição completa

Na minha lista:
Detalhes bibliográficos
Autor principal: Zoborský, Ivan Mojmír
Outros Autores: Dúbravská, Regína
Formato: Capítulo de Livro
Idioma:inglês
Assuntos:
Tags: Adicionar Tag
Sem tags, seja o primeiro a adicionar uma tag!

MARC

LEADER 00000naa$a2200000$$$4500
001 0054793
005 20231012082249.4
041 0 |a eng 
044 |a SK 
245 1 0 |a Efficiency of peach trade in the Slovak Republic  |c Ivan Mojmír Zoborský, Regína Dúbravská 
520 |a Bilancia v obchode s ovocím za posledné roky nie je priaznivá. Analýza efektívnosti obchodu s broskyňami s použitím ukazovateľov čistého exportu, ukazovateľov komparatívnych výhod, dovoznej a vývoznej kilogramovej ceny, ukazovateľa výmenných relácií a koeficientu pokrytia dovozu vývozom. Cieľom článku je zistiť vývoj v obchode s broskyňami v období rokov 1998-2003 a určiť determinanty negatívnej bilancie v obchode s hodnotenou komoditou. 
610 2 0 |a ovocie 
610 2 0 |a komodity 
610 2 0 |a obchod 
610 2 0 |a dovoz 
610 2 0 |a vývoz 
610 2 0 |a Slovensko 
610 2 0 |a 1998-2003 
610 2 0 |a ukazovatele efektívnosti 
610 2 0 |a konkurencieschopnosť 
610 2 0 |a bilancia obchodná 
100 1 |a Zoborský, Ivan Mojmír 
700 1 |a Dúbravská, Regína